A touhle bombou se musíme rozloučit... : kronika šílenství a geniality Top Gearu /

Hlavní autor: Porter, Richard, 1975-
Další autoři: Urban, Martin, 1967-
Jazyk: Čeština
Vydáno: Praha : Argo, 2016
Vydání: Vydání první
Témata:
Fyzický popis: 301 stran, 16 nečíslovaných stran obrazových příloh : barevné ilustrace, portréty ; 24 cm
Knihy
Uloženo v:
LEADER 02681cam a2200721 i 4500
001 nkc20172958390
003 CZ PrNK
005 20180118091531.0
007 ta
008 171101s2016 xr acf e 000 0acze d
015 |a cnb002958390 
020 |a 978-80-257-2220-6  |q (vázáno) 
035 |a (OCoLC)1022788485 
040 |a ULG001  |b cze  |d OLA001  |e rda 
041 1 |a cze  |h eng 
043 |a e-uk--- 
045 |a y0y1 
072 7 |a 629  |x Dopravní prostředky  |2 Konspekt  |9 19 
072 7 |a 929  |x Biografie  |2 Konspekt  |9 8 
080 |a [796/799:070.4]-051  |2 MRF 
080 |a 070.42:654.198  |2 MRF 
080 |a 929  |2 MRF 
080 |a 7.097  |2 MRF 
080 |a 796.7  |2 MRF 
080 |a 629.331  |2 MRF 
080 |a (410)  |2 MRF 
080 |a (0:82-94)  |2 MRF 
100 1 |a Porter, Richard,  |d 1975-  |7 mzk2017967795  |4 aut 
240 1 0 |a And on that bombshell.  |l Česky 
245 1 0 |a A touhle bombou se musíme rozloučit... :  |b kronika šílenství a geniality Top Gearu /  |c Richard Porter ; přeložil Martin Urban 
246 3 0 |a Kroniky šílenství a geniality Top Gearu 
250 |a Vydání první 
264 1 |a Praha :  |b Argo,  |c 2016 
300 |a 301 stran, 16 nečíslovaných stran obrazových příloh :  |b barevné ilustrace, portréty ;  |c 24 cm 
336 |a text  |b txt  |2 rdacontent 
337 |a bez média  |b n  |2 rdamedia 
338 |a svazek  |b nc  |2 rdacarrier 
500 |a Přeloženo z angličtiny 
600 1 7 |a Porter, Richard,  |d 1975-  |7 mzk2017967795  |2 czenas 
630 0 7 |a Top Gear  |7 unn2013741883  |2 czenas 
630 0 9 |a Top Gear (television program)  |2 eczenas 
648 4 |a 2002-2015 
648 7 |a 2001-2015  |7 ch969064  |2 czenas 
648 7 |a 21. století  |7 ch460559  |2 czenas 
650 0 7 |a televizní moderátoři  |7 ph126512  |y 21. století  |2 czenas 
650 0 7 |a sportovní publicisté  |7 ph406514  |y 21. století  |2 czenas 
650 0 7 |a televizní pořady  |7 ph126513  |z Velká Británie  |y 2001-2015  |2 czenas 
650 0 7 |a motorismus  |7 ph122998  |2 czenas 
650 0 7 |a automobily  |7 ph114108  |2 czenas 
650 0 9 |a television journalists  |y 21st century  |2 eczenas 
650 0 9 |a sports journalists  |y 21st century  |2 eczenas 
650 0 9 |a television programs  |z Great Britain  |y 2001-2015  |2 eczenas 
650 0 9 |a motorism  |2 eczenas 
650 0 9 |a automobiles  |2 eczenas 
655 7 |a autobiografické vzpomínky  |7 fd131854  |2 czenas 
655 9 |a autobiographical reminiscences  |2 eczenas 
700 1 |a Urban, Martin,  |d 1967-  |7 xx0176367  |4 trl 
910 2 |a BOA001  |b 2-1400.096 
920 |a KN3148000001227621  |z ULG001 
990 |a BK 
995 |a 01 
991 |b 201801  |c NOV 
996 6 |b 2610730116  |c 2-1400.096  |l MZK  |r Sklad / do 1 hodiny  |n 0  |p p.v.  |w 001645278  |u 000010  |a 1  |e BOA001  |j MZK50  |s P